[Event "Stuttgarter Stadtmeisterschaft A"]
[Site "Ditzingen"]
[Date "2008.05.01"]
[Round "1.50"]
[White "Löwe, Joachim"]
[Black "Huhn, Stefan"]
[Result "0-1"]
[WhiteElo "1778"]
[BlackElo "2079"]
[PlyCount "118"]
[EventDate "2008.05.??"]
[EventType "swiss"]
[EventRounds "7"]
[EventCountry "GER"]
[WhiteTeam "SK Schmiden/Cannstatt"]
[BlackTeam "SV Herrenberg e.V."]

1. e4 c5 2. Nf3 Nc6 3. d4 cxd4 4. Nxd4 Nf6 5. Nc3 e5 6. Nf3 Bb4 7. Bd3 d5 8.
exd5 Nxd5 9. Bd2 Nxc3 10. bxc3 Bd6 11. Ng5 Bd7 12. Qh5 g6 13. Qh6 Bf8 14. Qh4
Be6 15. Qg3 Qe7 16. O-O Bg7 17. Nxe6 Qxe6 18. Rab1 Rb8 19. f4 O-O 20. Rbe1 Qd6
21. f5 Ne7 22. fxg6 fxg6 23. Qg4 Rxf1+ 24. Rxf1 Rf8 25. Rxf8+ Bxf8 26. Be3 b6
27. Bc4+ Kg7 28. Qf3 Nf5 29. Bf2 Qd7 30. g4 Nd6 31. Qd1 Qc6 32. Bb3 Ne4 33. Qf3
Bc5 34. Bxc5 Qxc5+ 35. Kg2 Ng5 36. Qb7+ Kh6 37. h4 Nh3 38. g5+ Nxg5 39. hxg5+
Kxg5 40. Qxa7 Qc6+ 41. Kf2 Qf6+ 42. Kg1 e4 43. Qc7 Qf3 44. Qe5+ Kh6 45. Qh2+
Kg7 46. Qd2 e3 47. Qe1 Qg4+ 48. Kf1 Qf3+ 49. Kg1 Qg4+ 50. Kh2 Qf4+ 51. Qg3 Qe4
52. Kg1 h5 53. Kf1 h4 54. Qg2 Qf4+ 55. Ke2 h3 56. Qb7+ Kh6 57. Qf3 Qxf3+ 58.
Kxf3 h2 59. Kg2 e2 0-1

[Event "Stuttgarter Stadtmeisterschaft A"]
[Site "Ditzingen"]
[Date "2008.05.01"]
[Round "1.51"]
[White "Trefzer, Erhard"]
[Black "Bergner, Philipp"]
[Result "1-0"]
[WhiteElo "2076"]
[BlackElo "1749"]
[PlyCount "31"]
[EventDate "2008.05.??"]
[EventType "swiss"]
[EventRounds "7"]
[EventCountry "GER"]
[WhiteTeam "SV Marbach"]
[BlackTeam "SV Backnang"]

1. e4 c5 2. c3 Nf6 3. e5 Nd5 4. Nf3 Nc6 5. d4 cxd4 6. cxd4 d6 7. Bc4 Nb6 8. Bb3
dxe5 9. d5 Nb4 10. Nxe5 N4xd5 11. Nc3 e6 12. Nxd5 Nxd5 13. Ba4+ Ke7 14. O-O f6
15. Qh5 Qa5 16. Qe8+ 1-0

[Event "Stuttgarter Stadtmeisterschaft A"]
[Site "Ditzingen"]
[Date "2008.05.01"]
[Round "1.52"]
[White "Srokovskiy, Alexander"]
[Black "Richter, Götz"]
[Result "1/2-1/2"]
[WhiteElo "1765"]
[BlackElo "2073"]
[PlyCount "64"]
[EventDate "2008.05.??"]
[EventType "swiss"]
[EventRounds "7"]
[EventCountry "GER"]
[WhiteTeam "Ooser SC von 1930 Baden-Baden"]
[BlackTeam "Klub Kölner Schachfreunde e.V. 1"]

1. e4 c5 2. Nf3 e6 3. d4 cxd4 4. c3 Nf6 5. e5 Nd5 6. Qxd4 Nc6 7. Qe4 f5 8. Qe2
Qc7 9. g3 Nde7 10. Bg2 Ng6 11. Bf4 b6 12. Nbd2 Bb7 13. O-O-O Nxf4 14. gxf4 Nb4
15. Nb3 Rc8 16. Nh4 Nxa2+ 17. Kb1 Nxc3+ 18. bxc3 Qxc3 19. Rd3 Qc7 20. Bxb7 Qxb7
21. Rhd1 g6 22. Qd2 Rc7 23. Nf3 a5 24. Nbd4 Rc4 25. Nc2 Qc6 26. Nfd4 Qa4 27.
Rc3 Bc5 28. Rxc4 Qxc4 29. Qd3 Qxd3 30. Rxd3 Ke7 31. f3 Rd8 32. Ne3 Rc8 1/2-1/2

[Event "Stuttgarter Stadtmeisterschaft A"]
[Site "Ditzingen"]
[Date "2008.05.01"]
[Round "1.54"]
[White "Rempeli, Alex"]
[Black "Fiderer, Lukas"]
[Result "1-0"]
[WhiteElo "1713"]
[BlackElo "2065"]
[PlyCount "60"]
[EventDate "2008.05.??"]
[EventType "swiss"]
[EventRounds "7"]
[EventCountry "GER"]
[WhiteTeam "SF Deizisau"]
[BlackTeam "Ooser SC von 1930 Baden-Baden"]

1. d4 Nf6 2. c4 c5 3. d5 e6 4. Nc3 exd5 5. cxd5 d6 6. e4 g6 7. Nge2 Bg7 8. Ng3
O-O 9. Be2 Nbd7 10. O-O Ne8 11. Be3 Nc7 12. Qd2 Re8 13. a4 Na6 14. h3 Nb4 15.
Nb5 Nf6 16. f3 a6 17. Na3 Nfxd5 18. Bf2 Nc7 19. Rad1 Ne6 20. Qxd6 Qxd6 21. Rxd6
Bxb2 22. Nc4 Bd4 23. Rb1 Nc6 24. Nb6 Ra7 25. Bc4 Bxf2+ 26. Kxf2 Ncd4 27. Ne2
Nxe2 28. Bxe2 Kf8 29. Bc4 Ke7 30. e5 Nf8 1-0

[Event "Stuttgarter Stadtmeisterschaft A"]
[Site "Ditzingen"]
[Date "2008.05.01"]
[Round "1.55"]
[White "Kleinert, Jürgen"]
[Black "Günthner, Arthur"]
[Result "0-1"]
[WhiteElo "2061"]
[BlackElo "1707"]
[PlyCount "72"]
[EventDate "2008.05.??"]
[EventType "swiss"]
[EventRounds "7"]
[EventCountry "GER"]
[WhiteTeam "SV 23 Böckingen"]
[BlackTeam "SC Tamm 74"]

1. e4 d6 2. d4 Nf6 3. Nc3 e5 4. dxe5 dxe5 5. Qxd8+ Kxd8 6. Bg5 Be6 7. O-O-O+
Nbd7 8. Nf3 Bd6 9. Nb5 Ke7 10. Nxd6 cxd6 11. Nd2 Rac8 12. b3 h6 13. Bh4 g5 14.
Bg3 Nc5 15. f3 Nh5 16. Bf2 Nf4 17. Kb2 f5 18. g3 Ng6 19. Bc4 fxe4 20. Bxe6 Kxe6
21. Nxe4 Nxe4 22. fxe4 b6 23. Rd2 Ne7 24. Rhd1 Rc6 25. a4 Nc8 26. Be3 Rf8 27.
g4 Rf3 28. Re2 Rc7 29. h4 Rg7 30. Rg1 Rg6 31. h5 Rgf6 32. Rgg2 Ne7 33. c4 Nc6
34. Kc2 Nd4+ 35. Bxd4 exd4 36. b4 d3+ 0-1

[Event "Stuttgarter Stadtmeisterschaft A"]
[Site "Ditzingen"]
[Date "2008.05.01"]
[Round "1.56"]
[White "Bacquele, Fabrice"]
[Black "Bissbort, Julian"]
[Result "1/2-1/2"]
[WhiteElo "1626"]
[BlackElo "2059"]
[PlyCount "85"]
[EventDate "2008.05.??"]
[EventType "swiss"]
[EventRounds "7"]
[EventCountry "GER"]
[WhiteTeam "SC Wangen"]
[BlackTeam "Heilbronner SV"]

1. e4 c5 2. Nf3 Nc6 3. d4 cxd4 4. Nxd4 g6 5. c4 Bg7 6. Nc2 e6 7. Nc3 Nge7 8.
Be2 O-O 9. O-O f5 10. exf5 Nxf5 11. Bg4 b6 12. Ne4 d5 13. Bg5 Qd7 14. cxd5 exd5
15. Nc3 d4 16. Ne4 Bb7 17. Nd2 Ne5 18. Bh3 Qd5 19. Nb4 Qd6 20. Qb3+ Kh8 21. Bf4
Qf6 22. Bxe5 Qxe5 23. Rac1 Nh4 24. Qg3 Qh5 25. Nd3 Bh6 26. Rcd1 Rae8 27. Nb3
Nf5 28. Qg4 Qxg4 29. Bxg4 Bg7 30. Rfe1 Nd6 31. Nd2 h5 32. Bf3 Bxf3 33. Nxf3 Ne4
34. Kf1 Nc5 35. Nxc5 bxc5 36. Rxe8 Rxe8 37. Nd2 Kg8 38. Nc4 Bf8 39. Re1 Rxe1+
40. Kxe1 Kf7 41. Ke2 Ke6 42. g3 g5 43. h3 1/2-1/2

[Event "Stuttgarter Stadtmeisterschaft A"]
[Site "Ditzingen"]
[Date "2008.05.01"]
[Round "2.1"]
[White "Wagner, Florian"]
[Black "Luther, Thomas"]
[Result "0-1"]
[WhiteElo "2183"]
[BlackElo "2539"]
[PlyCount "78"]
[EventDate "2008.05.??"]
[EventType "swiss"]
[EventRounds "7"]
[EventCountry "GER"]

1. e4 e6 2. d4 d5 3. Nd2 c5 4. exd5 Qxd5 5. Ngf3 cxd4 6. Bc4 Qd6 7. Qe2 Nf6 8.
Nb3 Nc6 9. Bg5 Qb4+ 10. Bd2 Qb6 11. O-O-O Bd7 12. Bg5 Rc8 13. Nbxd4 Be7 14. Kb1
O-O 15. h4 Rfd8 16. h5 Nxd4 17. Rxd4 h6 18. Bc1 Bc5 19. Rdd1 Bxf2 20. Ne5 Be8
21. g4 Rxd1 22. Rxd1 Bg3 23. Bd3 Qf2 24. Qxf2 Bxf2 25. Be2 Bg3 26. Nc4 Nd5 27.
Ne3 Bc6 28. Nxd5 Bxd5 29. Be3 a6 30. c4 Be4+ 31. Kc1 Bh4 32. Rd4 Bc6 33. Kd1
Bf6 34. Rd2 Bg5 35. Bxg5 hxg5 36. b4 Kf8 37. b5 axb5 38. cxb5 Bd5 39. Rb2 Ra8
0-1

[Event "Stuttgarter Stadtmeisterschaft A"]
[Site "Ditzingen"]
[Date "2008.05.01"]
[Round "2.2"]
[White "Sumets, Andrey"]
[Black "Samu, Sorin-Mihai"]
[Result "1-0"]
[WhiteElo "2532"]
[BlackElo "2176"]
[PlyCount "102"]
[EventDate "2008.05.??"]
[EventType "swiss"]
[EventRounds "7"]
[EventCountry "GER"]

1. d4 c6 2. c4 Nf6 3. Nf3 d5 4. cxd5 Qxd5 5. Nc3 Qa5 6. g3 Bg4 7. Ne5 e6 8. f3
Bh5 9. g4 Bg6 10. h4 h6 11. Nxg6 fxg6 12. Qb3 Qc7 13. Qxe6+ Be7 14. g5 hxg5 15.
Bxg5 Qg3+ 16. Kd1 Nbd7 17. Bh3 Rd8 18. Kc2 Nf8 19. Qe3 Qd6 20. Rad1 Kf7 21. Kb1
b5 22. d5 Nxd5 23. Nxd5 Bxg5 24. Qxa7+ Kg8 25. hxg5 cxd5 26. Qd4 Qe7 27. Qd2
Rh5 28. Bg4 Rxg5 29. Qd3 Re5 30. e4 b4 31. Qb3 g5 32. exd5 Qf7 33. Qxb4 Rexd5
34. Rxd5 Qxd5 35. Rc1 Qd3+ 36. Ka1 Qc2 37. Qe1 Qa4 38. a3 Rd3 39. Be6+ Kh8 40.
Qh1+ Qh4 41. Bg4 Rd2 42. Qxh4+ gxh4 43. Rc8 Rh2 44. Rxf8+ Kh7 45. a4 h3 46.
Bxh3 Rxh3 47. a5 Rh5 48. Rf4 g6 49. Rc4 Rf5 50. Rc3 Rf4 51. Rb3 Kh6 1-0

[Event "Stuttgarter Stadtmeisterschaft A"]
[Site "Ditzingen"]
[Date "2008.05.01"]
[Round "2.3"]
[White "Gabriel, Josef"]
[Black "Gutman, Lev"]
[Result "0-1"]
[WhiteElo "2148"]
[BlackElo "2484"]
[PlyCount "55"]
[EventDate "2008.05.??"]
[EventType "swiss"]
[EventRounds "7"]
[EventCountry "GER"]

1. c4 Nf6 2. Nc3 d5 3. cxd5 Nxd5 4. g3 Nxc3 5. bxc3 g6 6. Bg2 Bg7 7. Rb1 Nd7 8.
Nf3 Nb6 9. O-O Bd7 10. Qb3 Ba4 11. Qb4 Bc6 12. Ba3 Nc8 13. Qh4 h6 14. Qf4 O-O
15. d4 Nb6 16. e4 Nc4 17. Bc1 f5 18. exf5 g5 19. Qg4 Bd7 20. Rxb7 Bxf5 21. Qh5
Nd6 22. Rb3 Rc8 23. Re1 c5 24. Ne5 cxd4 25. Nc6 Rxc6 26. Bxc6 dxc3 27. Bd5+ e6
28. Rxe6 {Rest der Partie nicht lesbar} 0-1

[Event "Stuttgarter Stadtmeisterschaft A"]
[Site "Ditzingen"]
[Date "2008.05.01"]
[Round "2.4"]
[White "Schebler, Gerhard"]
[Black "Meyner, Hannes"]
[Result "1-0"]
[WhiteElo "2442"]
[BlackElo "2146"]
[PlyCount "60"]
[EventDate "2008.05.??"]
[EventType "swiss"]
[EventRounds "7"]
[EventCountry "GER"]

1. Nf3 Nf6 2. g3 d5 3. Bg2 Nbd7 4. d4 e6 5. O-O Be7 6. c4 dxc4 7. Nbd2 c5 8.
Nxc4 O-O 9. dxc5 Nxc5 10. Nfe5 Nfd7 11. Be3 Nxe5 12. Nxe5 Qa5 13. Qc2 Nd7 14.
Nc4 Qa6 15. Rfd1 Nf6 16. Bd4 Rd8 17. Ne5 Bd7 18. Nxd7 Rxd7 19. Be3 Nd5 20. Bxd5
exd5 21. Rd3 Qe6 22. Rad1 b6 23. Bd4 Rad8 24. Qd2 Bc5 25. e3 Bxd4 26. Rxd4 g6
27. e4 Rc7 28. Qg5 f6 29. Qf4 Rdc8 30. Rxd5 Re8 1-0

[Event "Stuttgarter Stadtmeisterschaft A"]
[Site "Ditzingen"]
[Date "2008.05.01"]
[Round "2.5"]
[White "Weisenburger, Horst"]
[Black "Rau, Hannes"]
[Result "0-1"]
[WhiteElo "2142"]
[BlackElo "2424"]
[PlyCount "76"]
[EventDate "2008.05.??"]
[EventType "swiss"]
[EventRounds "7"]
[EventCountry "GER"]

1. f4 Nf6 2. g3 c5 3. Bg2 g6 4. e4 d6 5. Ne2 Bg7 6. O-O O-O 7. d3 Nc6 8. Nbc3
Rb8 9. h3 Bd7 10. g4 b5 11. Ng3 Nd4 12. g5 Ne8 13. Nd5 e6 14. Ne3 b4 15. h4 f5
16. h5 Nc7 17. Bd2 Nc6 18. c3 bxc3 19. bxc3 Nb5 20. exf5 gxf5 21. a4 Nxc3 22.
Qe1 Rb3 23. h6 Bd4 24. Nh5 Ne7 25. Nf6+ Kh8 26. Kh1 Nxa4 27. Nc2 Bxf6 28. gxf6
Ng6 29. f7 Qh4+ 30. Kg1 Qxe1 31. Rfxe1 Rxd3 32. Bc1 Rxf7 33. Rxa4 Bxa4 34. Bb2+
Kg8 35. Rxe6 Bxc2 36. Bf1 Rd1 37. Kf2 Bb3 38. Re2 Rxf1+ 0-1

[Event "Stuttgarter Stadtmeisterschaft A"]
[Site "Ditzingen"]
[Date "2008.05.01"]
[Round "2.6"]
[White "Eisenbeiser, Amadeus"]
[Black "Reck, Moritz"]
[Result "1-0"]
[WhiteElo "2422"]
[BlackElo "2094"]
[PlyCount "103"]
[EventDate "2008.05.??"]
[EventType "swiss"]
[EventRounds "7"]
[EventCountry "GER"]

1. e4 g6 2. d4 Bg7 3. c4 d6 4. Nc3 Nc6 5. Nf3 e5 6. d5 Nce7 7. Bd3 h6 8. h3 f5
9. Be3 Nf6 10. Qc2 a6 11. O-O-O Rb8 12. Nh2 O-O 13. f3 c5 14. g4 f4 15. Bf2 Ne8
16. a3 a5 17. Kd2 Bd7 18. Rb1 Nc7 19. b4 b6 20. bxa5 bxa5 21. Rxb8 Qxb8 22. Rb1
Qa7 23. Qb3 Ra8 24. Qb7 Bf6 25. Qxa7 Rxa7 26. Rb8+ Kf7 27. Nf1 h5 28. Kd1 hxg4
29. hxg4 Nc8 30. Nb5 Nxb5 31. cxb5 Bd8 32. Nd2 Bc7 33. Rxc8 Bxc8 34. Nc4 Rb7
35. a4 Bd7 36. Be1 Kf6 37. Bxa5 Bxa5 38. Nxa5 Ra7 39. b6 Bxa4+ 40. Kd2 Ra8 41.
Nc6 Kg5 42. b7 Rh8 43. b8=Q Rxb8 44. Nxb8 Kh4 45. Nc6 Kg3 46. Ke2 Bb3 47. Na5
Ba2 48. Bc4 Bb1 49. Nb7 Bxe4 50. fxe4 f3+ 51. Ke3 Kxg4 52. Nxd6 1-0

[Event "Stuttgarter Stadtmeisterschaft A"]
[Site "Ditzingen"]
[Date "2008.05.01"]
[Round "2.7"]
[White "Turski, Tomasz"]
[Black "Hirneise, Tobias"]
[Result "0-1"]
[WhiteElo "2097"]
[BlackElo "2382"]
[PlyCount "106"]
[EventDate "2008.05.??"]
[EventType "swiss"]
[EventRounds "7"]
[EventCountry "GER"]

1. d4 Nf6 2. c4 e6 3. Nf3 b6 4. e3 Bb7 5. Bd3 d5 6. O-O Bd6 7. Nc3 O-O 8. cxd5
exd5 9. Re1 Re8 10. b3 c5 11. Bb2 Nbd7 12. Rc1 Rc8 13. Na4 Bc6 14. dxc5 bxc5
15. Nc3 Qb6 16. Rc2 Qb7 17. Be2 Rcd8 18. h3 Bc7 19. Rd2 Ba5 20. Rf1 Nf8 21. Rc2
d4 22. exd4 cxd4 23. Nxd4 Ne6 24. Rd2 Nxd4 25. Rxd4 Rxd4 26. Qxd4 Bxc3 27. Bxc3
Rxe2 28. Qd3 Qb5 29. Qg3 Qf5 30. Rc1 Re8 31. Bd4 Ba8 32. Rc5 Qe6 33. Rg5 g6 34.
Qh4 Qd6 35. Rg3 Re4 36. Qxf6 Rxd4 37. Qxd6 Rxd6 38. Rc3 Bc6 39. b4 a6 40. a3
Kf8 41. Re3 Re6 42. Rc3 Ke7 43. Kh2 Kd7 44. Rc5 Re2 45. Kg3 Ra2 46. Ra5 Bb5 47.
Kf3 f6 48. g3 Ke6 49. Ke3 Kd5 50. f4 f5 51. g4 Kc4 52. gxf5 gxf5 53. h4 h5 0-1

[Event "Stuttgarter Stadtmeisterschaft A"]
[Site "Ditzingen"]
[Date "2008.05.01"]
[Round "2.8"]
[White "Lammers, Markus"]
[Black "Imhof, Thomas"]
[Result "1-0"]
[WhiteElo "2371"]
[BlackElo "2088"]
[PlyCount "109"]
[EventDate "2008.05.??"]
[EventType "swiss"]
[EventRounds "7"]
[EventCountry "GER"]

1. d4 Nf6 2. c4 e6 3. Nf3 d5 4. Nc3 Be7 5. Bg5 O-O 6. e3 b6 7. cxd5 exd5 8. Rc1
Bb7 9. Bd3 Nbd7 10. O-O c5 11. Qe2 Ne4 12. Bf4 Ndf6 13. Rfd1 Rc8 14. Ba6 Nxc3
15. Rxc3 Bxa6 16. Qxa6 Ne4 17. Rcc1 c4 18. Qxa7 c3 19. Rc2 Ra8 20. Qb7 Rxa2 21.
Ne5 Qa8 22. Qxa8 Rfxa8 23. Nd3 Ba3 24. f3 cxb2 25. Nxb2 Rxb2 26. Rxb2 Bxb2 27.
fxe4 dxe4 28. Bc7 b5 29. Kf2 b4 30. d5 Bf6 31. Rb1 Bd8 32. d6 f5 33. Rxb4 Kf7
34. Rb7 Kf6 35. Kg3 g5 36. h4 gxh4+ 37. Kxh4 Ke6+ 38. Kg3 Bxc7 39. dxc7 Rc8 40.
Kf4 Rg8 41. Rb6+ Kd7 42. Rb8 Rc8 43. Rxc8 Kxc8 44. Kxf5 Kxc7 45. Kxe4 Kd6 46.
Kf5 Ke7 47. Kg5 Kf7 48. Kh6 Kg8 49. g4 Kh8 50. e4 Kg8 51. g5 Kh8 52. e5 Kg8 53.
e6 Kf8 54. Kxh7 Ke7 55. g6 1-0

[Event "Stuttgarter Stadtmeisterschaft A"]
[Site "Ditzingen"]
[Date "2008.05.01"]
[Round "2.9"]
[White "Reinhart, Emmanuel"]
[Black "Kubacsny, Vilmos"]
[Result "1-0"]
[WhiteElo "2298"]
[BlackElo "2080"]
[PlyCount "55"]
[EventDate "2008.05.??"]
[EventType "swiss"]
[EventRounds "7"]
[EventCountry "GER"]

1. e4 c5 2. Nf3 e6 3. Qe2 Nc6 4. g3 d6 5. Bg2 Be7 6. c3 Bf6 7. O-O Nge7 8. Rd1
e5 9. Na3 h5 10. Nc2 Bg4 11. h3 Bxf3 12. Bxf3 h4 13. Bg4 hxg3 14. fxg3 Qc7 15.
Ne3 Rd8 16. d3 Kf8 17. Rf1 Re8 18. Bd2 Qd8 19. Qf3 Kg8 20. Bh5 Rf8 21. Ng4 Ng6
22. Nxf6+ gxf6 23. Bg4 Kg7 24. h4 f5 25. Bxf5 Nxh4 26. gxh4 Rfg8 27. Bg6 f6 28.
h5 1-0

[Event "Stuttgarter Stadtmeisterschaft A"]
[Site "Ditzingen"]
[Date "2008.05.01"]
[Round "2.10"]
[White "Meyer, Peter"]
[Black "Reefschläger, Helmut"]
[Result "0-1"]
[WhiteElo "2090"]
[BlackElo "2295"]
[PlyCount "108"]
[EventDate "2008.05.??"]
[EventType "swiss"]
[EventRounds "7"]
[EventCountry "GER"]

1. d4 d5 2. Nf3 e6 3. e3 Nf6 4. Bd3 c5 5. c3 Nc6 6. Nbd2 Bd6 7. O-O O-O 8. dxc5
Bxc5 9. e4 Bb6 10. Qe2 h6 11. e5 Nd7 12. Nb3 Bc7 13. Bf4 f6 14. exf6 Bxf4 15.
Qxe6+ Rf7 16. Bg6 Qxf6 17. Bxf7+ Qxf7 18. Nbd4 Nxd4 19. Nxd4 Nb6 20. Qxf7+ Kxf7
21. g3 Bd6 22. b3 Bd7 23. a4 a5 24. Rfe1 Rc8 25. Re3 Be7 26. h4 Bf6 27. Kg2
Rxc3 28. Rxc3 Bxd4 29. Rf3+ Bf6 30. Rc1 Bc6 31. Rd3 Nd7 32. f4 Ke6 33. Kh3 h5
34. g4 hxg4+ 35. Kxg4 Kd6 36. Kf5 Nc5 37. Rg3 Bd7+ 38. Kg6 Bxh4 39. Rgc3 Bf2
40. Rd1 Bg4 41. Rb1 Bd4 42. Rg3 Bd7 43. b4 axb4 44. Rxb4 Bf6 45. Rb6+ Bc6 46.
a5 d4 47. Kf7 d3 48. Rxg7 Bxg7 49. Kxg7 d2 50. Rb1 Bf3 51. f5 d1=Q 52. Rxd1+
Bxd1 53. f6 Ne6+ 54. Kg8 Bb3 0-1

[Event "Stuttgarter Stadtmeisterschaft A"]
[Site "Ditzingen"]
[Date "2008.05.01"]
[Round "2.11"]
[White "Kabisch, Thilo"]
[Black "Trefzer, Erhard"]
[Result "1-0"]
[WhiteElo "2284"]
[BlackElo "2076"]
[PlyCount "81"]
[EventDate "2008.05.??"]
[EventType "swiss"]
[EventRounds "7"]
[EventCountry "GER"]

1. e4 c5 2. Nf3 a6 3. d4 cxd4 4. Nxd4 Nf6 5. Nc3 e5 6. Nde2 Bc5 7. Ng3 d6 8.
Be2 Nc6 9. Bg5 h6 10. Bxf6 Qxf6 11. O-O Be6 12. Nd5 Qd8 13. c3 O-O 14. Kh1 b5
15. b4 Ba7 16. a4 Qb8 17. axb5 axb5 18. Ra6 Nd8 19. Qd3 Bc8 20. Ne7+ Kh7 21.
Nxc8 Qxc8 22. Rfa1 Qb8 23. Nf5 Ne6 24. Qxd6 Qb7 25. Qd5 Qc7 26. Qxb5 Qxc3 27.
Qc4 Qb2 28. R6a2 Bxf2 29. Rxb2 Rxa1+ 30. Bf1 Rc8 31. Qb5 Ba7 32. g3 Rcc1 33.
Kg2 g6 34. Ne7 Nc7 35. Qxe5 Ne6 36. Qf6 Ng5 37. b5 Bc5 38. Nd5 Kg8 39. b6 Nxe4
40. Ne7+ Bxe7 41. Qxe7 1-0

[Event "Stuttgarter Stadtmeisterschaft A"]
[Site "Ditzingen"]
[Date "2008.05.01"]
[Round "2.12"]
[White "Schlötzer, Waldemar"]
[Black "Ebeling, Jens"]
[Result "1-0"]
[WhiteElo "2268"]
[BlackElo "2065"]
[PlyCount "57"]
[EventDate "2008.05.??"]
[EventType "swiss"]
[EventRounds "7"]
[EventCountry "GER"]

1. d4 Nf6 2. c4 g6 3. Nc3 Bg7 4. e4 d6 5. f3 O-O 6. Be3 b6 7. Bd3 a6 8. Nge2 c5
9. O-O e5 10. dxc5 dxc5 11. Nd5 Be6 12. Qd2 Nc6 13. Nec3 Nd7 14. Kh1 Nd4 15.
Rae1 Rb8 16. a3 Rb7 17. b4 Bxd5 18. Nxd5 b5 19. Rb1 Qb8 20. Rfc1 cxb4 21. Qxb4
Kh8 22. cxb5 axb5 23. a4 Re8 24. Bxb5 Ne2 25. Rc2 Nf4 26. Rd1 Bf8 27. Qa5 Rd8
28. Nxf4 exf4 29. Bxf4 1-0

[Event "Stuttgarter Stadtmeisterschaft A"]
[Site "Ditzingen"]
[Date "2008.05.01"]
[Round "2.13"]
[White "Dudek, Richard"]
[Black "Schiestl, Uwe"]
[Result "1-0"]
[WhiteElo "2256"]
[BlackElo "2051"]
[PlyCount "87"]
[EventDate "2008.05.??"]
[EventType "swiss"]
[EventRounds "7"]
[EventCountry "GER"]
[WhiteTeam "SC Eppingen"]
[BlackTeam "Stuttgarter SF 1879"]

1. e4 c5 2. Nc3 Nc6 3. g3 g6 4. Bg2 Bg7 5. d3 d6 6. f4 e6 7. Nf3 Nge7 8. O-O
O-O 9. Be3 Nd4 10. Rb1 d5 11. Ne2 Nxe2+ 12. Qxe2 b6 13. Bf2 Bb7 14. c4 dxe4 15.
dxe4 Qc7 16. a3 Rac8 17. Rfd1 Rfd8 18. Rxd8+ Rxd8 19. b4 cxb4 20. axb4 Qc6 21.
e5 Rc8 22. c5 bxc5 23. Bxc5 Nd5 24. Nd4 Nc3 25. Nxc6 Nxe2+ 26. Kf2 Bxc6 27.
Bxc6 Rxc6 28. Kxe2 a6 29. Rd1 Rc8 30. Ra1 Rc6 31. Kd3 Bf8 32. Kc4 Be7 33. Rd1
Kf8 34. Rd8+ Kg7 35. Rd7 Bf8 36. Ra7 h5 37. h4 Bxc5 38. bxc5 Kf8 39. Rd7 Rc8
40. Rd6 Ra8 41. c6 a5 42. c7 Ke7 43. Kb5 a4 44. Ra6 1-0

[Event "Stuttgarter Stadtmeisterschaft A"]
[Site "Ditzingen"]
[Date "2008.05.01"]
[Round "2.14"]
[White "Huhn, Stefan"]
[Black "Ringoir, Tanguy"]
[Result "0-1"]
[WhiteElo "2079"]
[BlackElo "2252"]
[PlyCount "120"]
[EventDate "2008.05.??"]
[EventType "swiss"]
[EventRounds "7"]
[EventCountry "GER"]
[WhiteTeam "SV Herrenberg e.V."]

1. d4 Nf6 2. Bg5 c5 3. Bxf6 exf6 4. Nc3 d5 5. e3 Be6 6. g3 Nc6 7. Nge2 cxd4 8.
Nxd4 Bb4 9. Qd2 Rc8 10. Nxc6 bxc6 11. a3 Qa5 12. Rb1 Bxc3 13. Qxc3 Qxc3+ 14.
bxc3 Kd7 15. Kd2 Rb8 16. Be2 Rb6 17. Rb4 Rhb8 18. Rhb1 c5 19. Rxb6 axb6 20.
Bb5+ Kc7 21. c4 dxc4 22. Kc3 Rd8 23. h4 h6 24. Rh1 Rd6 25. Re1 Rd8 26. a4 Bd5
27. Rd1 Be4 28. Rxd8 Kxd8 29. Bxc4 Ke7 30. Bb3 Bc6 31. Kc4 Kd6 32. Kd3 Ke5 33.
Bxf7 Bxa4 34. Bg6 Bc6 35. f4+ Kd6 36. c4 Bg2 37. Be8 Ke6 38. e4 g5 39. fxg5
fxg5 40. hxg5 hxg5 41. Ke3 Bf1 42. Bb5 Ke5 43. Ba6 Bh3 44. Bb5 Bc8 45. Bc6 Ba6
46. Kd3 Kd6 47. Be8 Bb7 48. Bf7 Bc6 49. Bd5 Bd7 50. Ke3 Ke5 51. Bf7 b5 52. cxb5
Bxb5 53. Bb3 Bc6 54. Bc2 c4 55. Bb1 Ba4 56. Kf3 Bd1+ 57. Ke3 c3 58. Bd3 Bb3 59.
Kf3 Kd4 60. Bb1 Bd1+ 0-1

[Event "Stuttgarter Stadtmeisterschaft A"]
[Site "Ditzingen"]
[Date "2008.05.01"]
[Round "2.15"]
[White "Schuh, Karsten"]
[Black "Maissenbacher, Werner"]
[Result "1-0"]
[WhiteElo "2207"]
[BlackElo "1948"]
[PlyCount "109"]
[EventDate "2008.05.??"]
[EventType "swiss"]
[EventRounds "7"]
[EventCountry "GER"]
[WhiteTeam "SC-HP Böbl.1975 e.V."]
[BlackTeam "SC 1948 Ersingen e.V."]

1. c4 Nf6 2. Nc3 c6 3. Nf3 d5 4. e3 e6 5. d4 Nbd7 6. Qc2 Be7 7. g4 h6 8. Rg1
dxc4 9. Bxc4 Nf8 10. Bd2 b5 11. Bb3 Bb7 12. Ne5 a6 13. h4 N6d7 14. Ne4 Rc8 15.
g5 Nxe5 16. dxe5 c5 17. a3 c4 18. Ba2 Qd5 19. Nd6+ Bxd6 20. exd6 hxg5 21. hxg5
Qxd6 22. O-O-O Bf3 23. Rde1 Qd3 24. Bc3 Rh2 25. Bb1 Rd8 26. Qxd3 cxd3 27. Ref1
Be2 28. Rh1 Rg2 29. Rhg1 Bxf1 30. Rxf1 Rxg5 31. Kd2 f6 32. e4 Rg4 33. Ke3 Nd7
34. Bxd3 Nc5 35. Bc2 e5 36. Rh1 Kf7 37. Bb4 Rc8 38. Bb1 Kg6 39. Rc1 Rh4 40.
Bxc5 Rh3+ 41. f3 Rh2 42. b4 Rd8 43. Rc2 Rh1 44. Ba2 Rdd1 45. Rg2+ Kh6 46. Bd5
Ra1 47. Kf2 g5 48. Kg3 Kg6 49. Be6 Rxa3 50. Rd2 Rf1 51. Bf2 a5 52. Rd7 f5 53.
exf5+ Kh6 54. Bg8 g4 55. Kxg4 1-0

[Event "Stuttgarter Stadtmeisterschaft A"]
[Site "Ditzingen"]
[Date "2008.05.01"]
[Round "2.16"]
[White "Ter-Akopyan, Bagrat"]
[Black "Raykhman, Alexander"]
[Result "0-1"]
[WhiteElo "1984"]
[BlackElo "2242"]
[PlyCount "64"]
[EventDate "2008.05.??"]
[EventType "swiss"]
[EventRounds "7"]
[EventCountry "GER"]

1. e4 c5 2. Nc3 a6 3. g3 b5 4. Bg2 Bb7 5. d3 Nf6 6. Nf3 Nc6 7. O-O d6 8. h3 e6
9. Nh2 Be7 10. f4 Qc7 11. Nf3 Nd4 12. Ne2 e5 13. c3 Nxf3+ 14. Bxf3 O-O 15. Bg2
Rad8 16. Qc2 h6 17. c4 bxc4 18. dxc4 exf4 19. Nxf4 Rfe8 20. Nd5 Nxd5 21. exd5
Bf6 22. Bf4 Qb6 23. Rab1 Re7 24. Kh1 Bd4 25. b3 Rde8 26. Bf3 Bc8 27. Kg2 g6 28.
Qd2 g5 29. Bxg5 hxg5 30. Qxg5+ Bg7 31. Rb2 Re5 32. Qh4 Qd8 0-1

[Event "Stuttgarter Stadtmeisterschaft A"]
[Site "Ditzingen"]
[Date "2008.05.01"]
[Round "2.17"]
[White "Häcker, Alexander"]
[Black "Marquardt, Patrick"]
[Result "1/2-1/2"]
[WhiteElo "2234"]
[BlackElo "1859"]
[PlyCount "63"]
[EventDate "2008.05.??"]
[EventType "swiss"]
[EventRounds "7"]
[EventCountry "GER"]

1. e4 c5 2. Nf3 Nc6 3. d4 cxd4 4. Nxd4 g6 5. c4 Nf6 6. Nc3 d6 7. Nc2 Bg7 8. Be2
O-O 9. O-O Bd7 10. Be3 Rc8 11. f3 a6 12. Rc1 Ne5 13. Na3 Be6 14. Nd5 Nxd5 15.
cxd5 Bd7 16. Qb3 b5 17. Rxc8 Qxc8 18. Rc1 Qb7 19. h3 f5 20. Rc6 Kh8 21. Rb6 Qa8
22. Nc2 f4 23. Bf2 Bc8 24. a4 Nd7 25. Rc6 Ne5 26. Rc7 Qb8 27. Rxe7 Bd7 28. axb5
Bf6 29. Rxd7 Nxd7 30. Nd4 axb5 31. Bxb5 Ne5 32. Qa3 1/2-1/2

[Event "Stuttgarter Stadtmeisterschaft A"]
[Site "Ditzingen"]
[Date "2008.05.01"]
[Round "2.18"]
[White "Kerpe, Andreas"]
[Black "Wenner, Tobias"]
[Result "1/2-1/2"]
[WhiteElo "1977"]
[BlackElo "2228"]
[PlyCount "39"]
[EventDate "2008.05.??"]
[EventType "swiss"]
[EventRounds "7"]
[EventCountry "GER"]

1. e4 c6 2. d4 d5 3. Nd2 dxe4 4. Nxe4 Nd7 5. Bc4 Ngf6 6. Ng5 e6 7. Qe2 Nb6 8.
Bd3 h6 9. N5f3 c5 10. c3 Qc7 11. dxc5 Bxc5 12. Be3 Bxe3 13. Qxe3 Nbd5 14. Qe5
Qb6 15. Rb1 Bd7 16. Ne2 Bb5 17. Bxb5+ Qxb5 18. O-O O-O 19. Ned4 Qa6 20. Qe2
1/2-1/2